Morphological changes in young plants of Hevea brasiliensis induced by paclobutrazol (Record no. 63268)

MARC details
000 -LEADER
fixed length control field 01796nam a2200205Ia 4500
100 ## - MAIN ENTRY--AUTHOR NAME
Personal name Sarkar J
245 #0 - TITLE STATEMENT
Title Morphological changes in young plants of Hevea brasiliensis induced by paclobutrazol
260 ## - PUBLICATION, DISTRIBUTION, ETC. (IMPRINT)
Name of publisher Rubber Science
Year of publication 2015
300 ## - PHYSICAL DESCRIPTION
Number of Pages 22-30
520 ## - SUMMARY, ETC.
Summary, etc This study was carried out to investigate the effect of paclobutrazol, a gibberellin synthesis inhibitor in young rubber plants and standardise its optimum concentration to develop better root system. Paclobutrazol treatment in young rubber (Hevea brasiliensis) plants resulted in short and compact plants having dark green leaves, with more fibrous root development and improved root-to-shoot ratio. Plants of Hevea clone RRII 429 were treated with 0, 50, 100, 250, 500 and 750mg active ingredient of paclobutrazol per plant as soil application. Three months after treatment the leaves showed increased chlorophyll (25.9;) and carotenoid (33.6;) contents over control. The height increment in paclobutrazol (50 mg) treated plants was significantly lower than control plants of same age, whereas, the girth increment was significantly higher (10.9;) in the treated plants. Paclobutrazol treatment remarkably increased root dry weight (maximum of 132 per cent with 50 mg) and root-to-shoot ratio. The results indicated that paclobutrazol at a concentration of 50 mg was optimum for more fibrous root development without any significant changes in stem girth and leaf number. The modified root system may likely be an advantage to young Hevea plants during drought.
650 ## - SUBJECT ADDED ENTRY--TOPICAL TERM
Topical Term Growth retardant
650 ## - SUBJECT ADDED ENTRY--TOPICAL TERM
Topical Term Paclobutrazol
650 ## - SUBJECT ADDED ENTRY--TOPICAL TERM
Topical Term PBZ
650 ## - SUBJECT ADDED ENTRY--TOPICAL TERM
Topical Term Root morphology
700 ## - ADDED ENTRY--PERSONAL NAME
Personal name Annamalainathan K
700 ## - ADDED ENTRY--PERSONAL NAME
Personal name Jacob J
700 ## - ADDED ENTRY--PERSONAL NAME
Personal name Krishnakumar R
942 ## - ADDED ENTRY ELEMENTS (KOHA)
Koha item type Journals
Holdings
Withdrawn status Lost status Damaged status Not for loan Home library Current library Shelving location Date acquired Serial Enumeration / chronology Koha item type
      Journals RRII Library RRII Library Physiology 11/03/2015 Volume 28, Issue 1 Journals